000 00483nam a2200181Ia 4500
001 25307
005 20260414151141.0
008 260414t2012||||xx |||||||||||||| ||spa||
041 _aESP
082 _a346.46
_bA62B
100 _aAntequera Parilli, Ricardo
_eAUT
245 0 _aDerechos intelectuales y derecho a la imagen en la jurisprudencia comparada
_b
260 _c2012
300 _a572 páginas :
_c24 cm.
650 _aDER
654 _aCDE
942 _cLIB
_dJUS
_fJUS
_2ddc
_n
999 _c25307
_d25307